| 000 | 00697cam1a220020500 4500 | ||
|---|---|---|---|
| 001 | lce00771143 | ||
| 008 | 721127s1973 nyu 000 0 eng | ||
| 010 | _a 72012862 | ||
| 035 | _a(Sirsi) r122919 | ||
| 035 | _a(DLC) 72012862 | ||
| 035 | _a(UPRA)lce00771143 | ||
| 050 | 0 |
_aPN1731 _b.C6 |
|
| 082 | _a809.2 | ||
| 100 | 1 |
_aCorrigan, Robert Willoughby, 1927- _dCorrigan, Robert Willoughby, 1927- _6A2022.1 |
|
| 245 | 1 | 4 |
_aThe theatre in search of a fix _c[by] Robert W. Corrigan. |
| 260 |
_aNew York, _bDelacorte Press _c[1973] |
||
| 650 | 0 |
_aDrama -- History and criticism. _xDrama -- History and criticism. _6S4770.1 |
|
| 949 |
_aPN1731 _wlcc _i-176795 _mMAIN _tBOOK _lON-SHELF |
||
| 004 | 122919 | ||
| 999 |
_c78536 _d78536 |
||